| 000 | 00448 a2200145 4500 | ||
|---|---|---|---|
| 999 |
_c7430 _d7430 |
||
| 020 | _a9780582332041 | ||
| 050 | _aD299 RIC 1985 | ||
| 100 |
_aRichards, D. (Dean), _d1920- _eauthor |
||
| 245 |
_aAn Illustrated History of Modern Europe 1789-1984 / _cby D Richards. |
||
| 264 |
_aHarlow : _b Longman, _c1986. |
||
| 300 | _a384 pages : illustrations ; 24 x 19 cm | ||
| 500 | _alncludes index | ||
| 650 | _aModern history | ||
| 942 |
_2lcc _cBK _h299 _iRIC _kD |
||